| 000 | 00892nam a22002417a 4500 | ||
|---|---|---|---|
| 005 | 20180429102936.0 | ||
| 010 | _a1718EN-30 ENG-121678 B-691386 | ||
| 020 |
_a9789383848188 _c250.00 |
||
| 035 | _aEN-105210 B-691386 | ||
| 035 | _aB-681397-398 | ||
| 037 |
_bAsian _adpl |
||
| 037 | _bDBAD/PUB | ||
| 082 | _a324.0954 | ||
| 245 |
_aPolitical process in India / _cedited by Sanjeev Kumar [and] Dev N. Pathak |
||
| 260 |
_c2016 _aNew Delhi _bPinnacle Learning |
||
| 270 |
_a24, DDA Shopping Complex, Ber Sarai, _bNew Delhi _e110016 |
||
| 300 |
_c23cm(pbk) _a230p. |
||
| 500 | _aIncludes index | ||
| 700 | _aSanjeev Kumar | ||
| 700 | _apathak, Dev N. | ||
| 942 |
_cEN _2ddc _mPOL _h324.0954 |
||
| 999 |
_c146045 _d146045 |
||